| 000 | 00770nam a22002297a 4500 | ||
|---|---|---|---|
| 999 |
_c20297 _d20297 |
||
| 003 | AR-CdUCM | ||
| 008 | 190528b ||||| |||| 00| 0 spa d | ||
| 020 | _a9501511057 | ||
| 040 |
_aMUNICIPALIDAD PROVINCIAL DEL CUSCO _cBIBLIOTECA MUNICIPAL DEL CUSCO |
||
| 082 |
_a382 / _bP78 |
||
| 100 |
_aPorter, Michael E. _942426 |
||
| 245 | _aLa ventaja competitiva de las naciones / | ||
| 260 |
_aArgentina : _bArgentine, _c1990. |
||
| 300 |
_a1025 páginas ; _c25 cm |
||
| 505 | _aContenido : La necesidad de un nuevo paradigma -- La ventaja competitiva de las empresas en sectores mundiales... | ||
| 650 |
_aTeoría competitiva _942427 |
||
| 650 |
_aEstrategias _913946 |
||
| 650 |
_aVentajas _942428 |
||
| 700 |
_aVergara _942429 |
||
| 942 |
_2ddc _cLIBROS |
||
| 945 | _arcc | ||